Statistics for The Office (U.S.) Warehouse Workers

Click here to take the quiz!

General Stats

  • This quiz has been taken 193 times
  • The average score is 6 of 11

Answer Stats

HintAnswer% Correct
The one who was the foreman of the warehouse until his promotion?Darryl Mathias Philbin
100%
The one who was engaged to Pam Beesly for three years?Roy Anderson
99%
The one Michael couldn't remember the name of during his roast?Michael
80%
The East German gal?Madge Madsen
74%
The one who hates Mondays and is the second foreman of the warehous?Val
62%
The one who could be gay?Matt
61%
The one who only wanted a piece of gum and speaks very good English?Nate
60%
The one with the big secret?Hidetoshi Hasagawa
36%
The 1000 pound sea monster?Lonnie Collins
28%
The one who's named changed, a lot (any of his names)?Glenn
22%
The one who commited a flagrant foul in the Basketball game?Jerry DiCanio
6%

Score Distribution

Percentile by Number Answered

Percent of People with Each Score

Your Score History

You have not taken this quiz